|
|
|
|
| LEADER |
00783nab a2200217 i 4500 |
| 001 |
acta24124 |
| 005 |
20210601132613.0 |
| 008 |
161017s1979 hu o 0|| rus d |
| 022 |
|
|
|a 0001-6721
|
| 040 |
|
|
|a SZTE Egyetemi Kiadványok Repozitórium
|b hun
|
| 041 |
|
|
|a rus
|
| 100 |
1 |
|
|a Nánai László
|
| 245 |
1 |
0 |
|a O kinetiki fotoprovodimosti monokristallov V2O5 pod vliâniem léazernogo izlučeniâ
|h [elektronikus dokumentum] /
|c Nánai László
|
| 260 |
|
|
|c 1979
|
| 300 |
|
|
|a 109-112
|
| 490 |
0 |
|
|a Acta physica et chemica
|v 25 No. 3-4
|
| 695 |
|
|
|a Természettudomány, Fizika, Kémia
|
| 700 |
0 |
1 |
|a Ûšin Û. K.
|e aut
|
| 700 |
0 |
1 |
|a Szil Elemér
|e aut
|
| 700 |
0 |
1 |
|a Hevesi Imre
|e aut
|
| 856 |
4 |
0 |
|u http://acta.bibl.u-szeged.hu/24124/1/phys_chem_025_fasc_003_004_109-112.pdf
|z Dokumentum-elérés
|